000 00697nam a2200277Ia 4500
005 20260324115805.0
008 008 260324s9999 xx 000 0 eng d
020 _a9781315374246
037 _aEBOOK
040 _aCRL
040 _beng
040 _cCRL
041 _2eng
041 _aeng
084 _qCRL
100 _aMaria A. Mimikou; Evangelos A. Baltas; Vassilios A. Tsihrintzis
_91156026
245 0 _aHydrology and Water Resource Systems Analysis
260 _bTaylor and Francis
260 _c2016
365 _a
365 _b185
856 _uhttp://www.taylorfrancis.com/books/9781315374246
942 _cEBOOK
999 _c1747153
_d1747153